000 00707nmm a2200193Ia 4500
008 251105s9999||||xx |||||||||||||||||und||
020 _a8477335303
041 _aspa
100 _aCorcuera Manso, Fidel
245 0 _aLa lengua francesa en España en el siglo XVI : estudio y edición del Vocabulario de los vocablos de Jacques de Liaño (Alcalá de Hernares, 1565)
264 _a[Madrid, España] :
_bPrensas Universitarias de Zaragoza,
_c1999
300 _a233 páginas
490 _aHumanidades
650 _aFrench Literature and language
700 _aCorcuera Manso, Fidel
700 1 _a Gaspar Galán, Antonio (eds.)
856 _uhttps://public.digitaliapublishing.com/a/2133
942 _cCF
999 _c64197
_d64197